Producción moderna de conejos /
Guardado en:
| Autor Principal: | |
|---|---|
| Formato: | Libro |
| Publicado: |
Zaragoza :
Acribia,
1981
|
| Series: | Manuales de T'cnica Agropec.
|
| Materias: | |
| Etiquetas: |
Agregar Etiqueta
Sin Etiquetas, Sea el primero en etiquetar este registro!
|
| LEADER | 00560nam a22002055a 4500 | ||
|---|---|---|---|
| 001 | CEM.cems004896 | ||
| 005 | 20060217000000.0 | ||
| 008 | 130507s1981##################000#0#####d | ||
| 003 | CEMS | ||
| 082 | 0 | 4 | |a 636.9 |
| 100 | 1 | |a Parkin, R. J. | |
| 245 | 1 | 0 | |a Producción moderna de conejos / |
| 260 | |a Zaragoza : |b Acribia, |c 1981 | ||
| 300 | |a 81 | ||
| 490 | 0 | |a Manuales de T'cnica Agropec. | |
| 653 | |a Conejos | ||
| 653 | |a Conejos-alojamiento | ||
| 653 | |a Conejos-reproduccion | ||
| 653 | |a Cunicultura | ||
| 859 | |a CEMS |b BIB. CEMS - 11 de abril |h 636.9 |i P229 |p 16166.91 |t Ej.1 | ||
